Essays in indian philosophy/ (Record no. 13793)

000 -LEADER
fixed length control field 00369nam a22001451a 4500
020 ## - INTERNATIONAL STANDARD BOOK NUMBER
ISBN 9788170234739
082 ## - DEWEY DECIMAL CLASSIFICATION NUMBER
Classification number 181.4
Item number SUK/E
245 ## - TITLE STATEMENT
Title Essays in indian philosophy/
Statement of responsibility, etc by Sukharanjan Saha (ed.)
260 ## - PUBLICATION, DISTRIBUTION, ETC. (IMPRINT)
Place of publication New Delhi:
Name of publisher Allied,
Year of publication 1997.
300 ## - PHYSICAL DESCRIPTION
Number of Pages 637p.
650 ## - SUBJECT ADDED ENTRY--TOPICAL TERM
Topical Term Philosophy India
650 ## - SUBJECT ADDED ENTRY--TOPICAL TERM
Topical Term Philosophy
700 ## - ADDED ENTRY--PERSONAL NAME
Personal name Sukharanjan Saha (ed.)
942 ## - ADDED ENTRY ELEMENTS (KOHA)
Koha item type Book
Holdings
Withdrawn status Lost status Damaged status Not for loan Permanent Location Current Location Date acquired Cost, normal purchase price Full call number Accession Number Cost, replacement price Price effective from Koha item type
        Sree Sankaracharya University of Sanskrit Sree Sankaracharya University of Sanskrit 08.01.2015 500.00 181.4 SUK/E 010387 0.00 08.01.2015 Book